| 000 | 01047nam a22003017a 4500 | ||
|---|---|---|---|
| 003 | CHAP | ||
| 005 | 20220329134615.0 | ||
| 008 | 971013c19581951 r 00010 d | ||
| 010 | _a22940 | ||
| 011 | _a23912 | ||
| 035 | _a28009 | ||
| 040 | _cCHAP | ||
| 082 |
_a575.104 _bD85 |
||
| 100 | 0 | 0 |
_aDunn, Leslie Clarence. _934502 |
| 245 | _aGenetics in the 20th. century; essays on the progress on genetics during its firts 50 years | ||
| 260 |
_aNew York : _bMacMillan, _c1958 (c.1951) |
||
| 300 |
_a634 p. _b: ilus. |
||
| 590 |
_aBATCH-UPD _b10 _c20130110 _lUCH01 _h0045 |
||
| 590 |
_aBATCH-UPD _b10 _c20130110 _lUCH01 _h2331 |
||
| 590 |
_aBATCH-UPD _b10 _c20130410 _lUCH01 _h1620 |
||
| 590 |
_aBATCH-UPD _b10 _c20130914 _lUCH01 _h1223 |
||
| 590 |
_aCONVERSION _b10 _c20130109 _lUCH01 _h1313 |
||
| 650 | 1 | 4 |
_aGenética _xDiscursos, ensayos, conferencias. _947472 |
| 901 | _aBK | ||
| 942 | _cLIBRO | ||
| 949 |
_a575.104 D85 _bBC _cLIBRO _d33724000461653 _eLIBRO _h8555 _i28009 _si |
||
| 949 |
_a575.104 D85 _bBC _cLIBRO _d33724000461786 _eLIBRO _fc.2 _h73043 _i28009 _si |
||
| 999 |
_c22940 _d22940 |
||